Paesi Confinanti le cui Capitali sono più Distanti - Statistics

Statistiche generali
  • Questo quiz è stato fatto 2.883 volte
  • Il punteggio medio è 17 su 27
Statistiche sulle risposte
Paese % Corretto
Cina
96%
Russia
96%
India
90%
Stati Uniti
89%
Brasile
87%
Mongolia
84%
Messico
81%
Kazakistan
80%
Francia
77%
Corea del Nord
72%
Colombia
69%
Nepal
68%
Pakistan
67%
Venezuela
66%
Perù
64%
Suriname
62%
Laos
59%
Afghanistan
56%
Tagikistan
56%
Bhutan
55%
Kirghizistan
54%
Birmania
51%
Indonesia
44%
Algeria
33%
Papua Nuova Guinea
30%
Mali
27%
Mauritania
26%
Nessun quiz corrispondente trovato
Distribuzione punteggi
Percentuale di utenti per punteggio
Percentile per numero di risposta
I tuoi punteggi nel tempo
Non hai fatto questo quiz